Nghiên cứu một số điều kiện nhân giống Aspergilus Niger BS và khả năng ứng dụng nó để chuyển hoá bã sắn (làm thức ăn gia súc)

Shranjeno v:
Bibliografske podrobnosti
Glavni avtor: Nguyễn Đình Anh.
Drugi avtorji: Lê Văn Hoàng, PGS.TS. (hướng dẫn.)
Format: Knjiga
Jezik:Vietnamese
Izdano: Đà Nẵng, 1999.
Teme:
Oznake: Označite
Brez oznak, prvi označite!
Thư viện lưu trữ: Mạng thư viện Đại học Đà Nẵng
LEADER 01191cam a2200361 a 4500
001 000044786
003 3194
005 20061102015959.0
008 010312b1999 vm 000 vie
040 |a IRC  |c IRC  |d IRC 
041 0 |a vie 
082 1 4 |a 664.66  |b NG-A 
100 1 |a Nguyễn Đình Anh. 
245 1 0 |a Nghiên cứu một số điều kiện nhân giống Aspergilus Niger BS và khả năng ứng dụng nó để chuyển hoá bã sắn (làm thức ăn gia súc)  |h [Thesis-Luận văn] /  |c Nguyễn Đình Anh thực hiện ; Lê Văn Hoàng hướng dẫn. 
260 |a Đà Nẵng,  |c 1999. 
300 |a 81 tr. :  |b mh. ;  |c 29 cm. 
630 0 4 |a Curcumin. 
630 0 4 |a Nấm mốc. 
630 0 4 |a Luận án. 
630 0 4 |a Aspergilus Niger BS. 
650 0 4 |a Công nghệ thực phẩm  |x Aspergilus Niger BS.  |x Nhân giống và ứng dụng. 
700 1 |a Lê Văn Hoàng,  |c PGS.TS.,  |e hướng dẫn. 
OWN |a DUT 
999 |a From the UDN01 
TYP |a Mixed Materials 
TYP |a Monograph 
TYP |a Printed language 
980 |a Mạng thư viện Đại học Đà Nẵng